Billy Joel Lyrics Quiz (Part 96) - Statistics

General Stats
  • This quiz has been taken 27 times
  • The average score is 205 of 365
Answer Stats
Answer % Correct
the
100%
I
95%
a
90%
It
90%
you
90%
You
90%
be
85%
In
85%
in
85%
then
85%
to
85%
To
85%
we
85%
and
80%
And
80%
but
80%
But
80%
go
80%
is
80%
my
80%
no
80%
No
80%
on
80%
On
80%
they
80%
when
80%
Where
80%
your
80%
for
75%
all
70%
how
70%
so
70%
There
70%
there
70%
time
70%
can’t
65%
don’t
65%
from
65%
If
65%
It’s
65%
know
65%
not
65%
you’re
65%
as
60%
by
60%
have
60%
I’ve
60%
need
60%
One
60%
see
60%
with
60%
are
55%
I’m
55%
say
55%
Some
55%
some
55%
that
55%
was
55%
eyes
50%
look
50%
never
50%
nothing
50%
there’s
50%
though
50%
been
45%
’cause
45%
days
45%
get
45%
good
45%
just
45%
light
45%
over
45%
times
45%
tonight
45%
cold
40%
cold,
40%
done
40%
hell
40%
life
40%
only
40%
wrong
40%
away
35%
bar
35%
big
35%
Blonde
35%
blue
35%
call
35%
home
35%
let
35%
nights
35%
shine
35%
These
35%
burning
30%
closed
30%
darkness
30%
doesn’t
30%
fire
30%
hands
30%
hotel
30%
inside
30%
lonely
30%
own
30%
wanted
30%
ways
30%
word
30%
broken
25%
even
25%
far
25%
inspired
25%
phone
25%
release,
25%
release
25%
room
25%
soul
25%
tight
25%
try
25%
turned
25%
TV
25%
works,
25%
wound
25%
believe
20%
book
20%
care
20%
clicker
20%
inspiration
20%
matter,
20%
morning
20%
pays
20%
respond
20%
share
20%
solution
20%
walk
20%
weakness,
20%
faith
15%
luck
15%
million
15%
opened
15%
pulled
15%
seclusion
15%
write
15%
conclusions
10%
crimes
10%
damn
10%
disconnected
10%
draw
10%
forgotten
10%
impressions
10%
misdirected
10%
obsessions
10%
paid
10%
prays
10%
shows
10%
sins
10%
torn,
10%
windows
10%
No matching quizzes found
Score Distribution
Percent of People with Each Score
Percentile by Number Answered
Your Score History
You have not taken this quiz